Different kinds of houses in the world / (Record no. 202122)

MARC details
000 -LEADER
fixed length control field 00596nam a22001817a 4500
005 - DATE AND TIME OF LATEST TRANSACTION
control field 20240430153847.0
010 ## - LCCN (DPL NO)
LC control number ENG-140094
020 ## - INTERNATIONAL STANDARD BOOK NUMBER
International Standard Book Number 9789390674350
Terms of availability 500.00
035 ## - SYSTEM CONTROL NUMBER
System control number EN-123626
037 ## - SOURCE OF ACQUISITION
Source of stock number/acquisition DBAD
082 ## - DEWEY DECIMAL CLASSIFICATION NUMBER
Classification number 720.00
100 ## - MAIN ENTRY--PERSONAL NAME
Personal name Amrendra Kumar Singh
245 ## - TITLE STATEMENT
Title Different kinds of houses in the world /
Statement of responsibility, etc by Amrendra Kumar Singh
260 ## - PUBLICATION, DISTRIBUTION, ETC. (IMPRINT)
Place of publication, distribution, etc New Delhi
Name of publisher, distributor, etc Shree Publishers & Distributors
Date of publication, distribution, etc 2021
270 ## - ADDRESS
Address 22/4735 Prakash Deep Building, Ansari Road, Daryaganj,
City New Delhi
Postal code 110002
300 ## - PHYSICAL DESCRIPTION
Extent 92p.:
Dimensions 22cm(Pb)
Other physical details ill.
942 ## - ADDED ENTRY ELEMENTS (KOHA)
Source of classification or shelving scheme Dewey Decimal Classification
Item type English Books
Classification part 720
Call number suffix AMR
Holdings
Withdrawn status Lost status Not for loan Collection code Home library Current library Date acquired Source of acquisition Cost, normal purchase price Full call number Barcode Copy number Cost, replacement price Koha item type
      Non-fiction Ashok Vihar Ashok Vihar 10/04/2024 DBAD 500.00 720 AMR EN-123626 1 500.00 English Books

© Delhi Public Library
Hit Counter
free hit counter